|
|
|
|
| LEADER |
01894nam a2200457 i 4500 |
| 001 |
001562580 |
| 003 |
CZ BrMZK |
| 005 |
20181019102603.0 |
| 006 |
m d |
| 007 |
co cg |
| 008 |
170131s2016 xr a e p 000 0 slo |
| 020 |
|
|
|a 978-80-263-1121-8
|q (CDR)
|
| 040 |
|
|
|a BOA001
|b cze
|e rda
|
| 072 |
|
7 |
|a 628
|x Sanitární technika. Vodárenství. Odpadové hospodářství. Světelná technika
|2 Konspekt
|9 19
|
| 072 |
|
7 |
|a 37.016
|x Učební osnovy. Vyučovací předměty. Učebnice
|2 Konspekt
|9 22
|
| 080 |
|
|
|a 628.4.036
|2 MRF
|
| 080 |
|
|
|a 628.3/.5
|2 MRF
|
| 080 |
|
|
|a 628.477.6
|2 MRF
|
| 080 |
|
|
|a (075.8)
|2 MRF
|
| 080 |
|
|
|a (0.034.44)
|2 MRF
|
| 100 |
1 |
|
|a Szalayová, Sylvia
|7 ola2012731728
|4 aut
|
| 245 |
1 |
0 |
|a Nakladanie so stavebným odpadom a možnosti jeho recyklácie /
|c Sylva Szalayová
|
| 264 |
|
1 |
|a Brno :
|b Tribun EU, s.r.o.,
|c 2016
|
| 300 |
|
|
|a 1 CD-ROM (118 stran, 39 nečíslovaných stran) :
|b ilustrace (převážně barevné) ;
|c 12 cm
|
| 336 |
|
|
|a text
|b txt
|2 rdacontent
|
| 337 |
|
|
|a počítač
|b c
|2 rdamedia
|
| 338 |
|
|
|a počítačový disk
|b cd
|2 rdacarrier
|
| 347 |
|
|
|a textový soubor
|b PDF
|2 rda
|
| 500 |
|
|
|a Název z disku
|
| 500 |
|
|
|a Pod názvem: Slovenská technická univerzita v Bratislavě, Stavební fakulta, katedra technológie stavieb
|
| 504 |
|
|
|a Obsahuje bibliografii
|
| 650 |
0 |
7 |
|a stavební odpad
|7 ph241135
|2 czenas
|
| 650 |
0 |
7 |
|a zpracování odpadu
|7 ph137731
|2 czenas
|
| 650 |
0 |
7 |
|a recyklace odpadu
|7 ph125049
|2 czenas
|
| 655 |
|
7 |
|a učebnice vysokých škol
|7 fd133772
|2 czenas
|
| 655 |
|
7 |
|a CD-ROM
|7 fd133955
|2 czenas
|
| 710 |
2 |
|
|a Slovenská technická univerzita (Bratislava, Slovensko).
|b Katedra technológie stavieb
|7 kn20090220016
|4 oth
|
| 856 |
4 |
1 |
|u http://www.digitalniknihovna.cz/mzk/view/uuid:56d059aa-1bf0-405f-be83-aa5f8506f4bb
|y Digitalizovaný dokument
|
| 910 |
|
|
|a BOA001
|b CDR-1382.158
|
| 990 |
|
|
|a BK
|
| 991 |
|
|
|b 201703
|c NOV
|